Normal view
MARC view
- Crowther J.A
Entry Personal Name
001 - CONTROL NUMBER
- control field: 103538
003 - CONTROL NUMBER IDENTIFIER
- control field: NUST
005 - DATE AND TIME OF LATEST TRANSACTION
- control field: 20221124182925.0
008 - FIXED-LENGTH DATA ELEMENTS
- fixed length control field: 221124|| aca||aabn | a|a d
040 ## - CATALOGING SOURCE
- Original cataloging agency: NUST
- Transcribing agency: NUST
100 ## - HEADING--PERSONAL NAME
- Personal name: Crowther J.A
670 ## - SOURCE DATA FOUND
- Source citation: Work cat.: (NUST)181443: Crowther J.A, A Manual of Physics /, 1936
